The outlook for rubber: SHortage, sufficiency or over-supply ? : Proceedings of the Internatinal Rubber Forum 37th Assembly, Phuket, Thailand 15-19 April 1996 (Record no. 41310)

MARC details
000 -LEADER
fixed length control field 00552nam a2200157Ia 4500
082 ## - DEWEY DECIMAL CLASSIFICATION NUMBER
Classification number NR:33:061.31996
Item number IRS
245 #4 - TITLE STATEMENT
Title The outlook for rubber: SHortage, sufficiency or over-supply ? : Proceedings of the Internatinal Rubber Forum 37th Assembly, Phuket, Thailand 15-19 April 1996
260 ## - PUBLICATION, DISTRIBUTION, ETC. (IMPRINT)
Place of publication U K
Name of publisher IRSG
Year of publication 1996
650 ## - SUBJECT ADDED ENTRY--TOPICAL TERM
Topical Term Delink rubber recycling
650 ## - SUBJECT ADDED ENTRY--TOPICAL TERM
Topical Term NR sustainable development
650 ## - SUBJECT ADDED ENTRY--TOPICAL TERM
Topical Term Reclaimed rubber
650 ## - SUBJECT ADDED ENTRY--TOPICAL TERM
Topical Term Recycled rubber
650 ## - SUBJECT ADDED ENTRY--TOPICAL TERM
Topical Term Synthetic rubber
942 ## - ADDED ENTRY ELEMENTS (KOHA)
Koha item type Books
Holdings
Withdrawn status Lost status Damaged status Not for loan Home library Current library Date acquired Cost, normal purchase price Full call number Accession Number Koha item type
        RRII Library RRII Library 16/12/2021 55.00 NR:33:061.31996 IRS 21599 Books